| 000 | 00495nam a2200169Ia 4500 | ||
|---|---|---|---|
| 008 | 230718s9999 xx 000 0 und d | ||
| 041 | _aeng | ||
| 082 |
_a621.7 _bCHO |
||
| 100 | _aChoudhary S.K.H. | ||
| 245 |
_aElements Of Workshop Technical Book Servicesnology _bVol.I: Manufacturing Processes |
||
| 250 | _a10th ed. | ||
| 260 |
_c1993 _bMedia Promoters & Publishers |
||
| 300 | _a540 | ||
| 365 |
_cRs. _b105.00 |
||
| 700 | _aChoudhary S.K.H. & Choudhary A.K.H. | ||
| 906 |
_cALLIED _b15.75 |
||
| 999 |
_c301656 _d301656 |
||